<O >Rato do Campo (Registo nº 31151)

Detalhes MARC
000 -Etiqueta do registo
Valores 00442nam a2200205 4500
010 ## - Número ISBN
ISBN 9727300596
021 ## - Número do Depósito Legal
-- PT
090 ## -
-- 31151
100 ## - Dados gerais de processamento
Dados gerais 20100906d1995 a 0pory5003 ba
101 ## - Língua de publicação
-- por
-- ita
102 ## - País de publicação
-- PT
105 ## -
-- a z 00 y
200 1# - Titulo e menção de responsabilidade
Título próprio <O >Rato do Campo
210 ## - Publicação
Nome do editor Marus
Data de publicação 1995
215 ## - Descrição física 
Paginação / Volumes [8] p.
Dimensões 23 cm
675 ## - CDU
Notação 087.5
Edição BNL
Língua por
930 ## -
-- BECRE
990 ## - Elementos KOHA
Tipo de documento Livro
995 ## - Localização e informação dos exemplares
-- 18
Exemplares
Situação do levantamento Estado Biblioteca de origem Biblioteca de empréstimo Código de barras Cota Permissão de empréstimo Tipo de documento
  Completo Biblioteca do Centro Escolar de Viana do Alentejo Biblioteca do Centro Escolar de Viana do Alentejo 1605BV 087.5 RAT Disponível Livro




Powered by Koha